000 00340nam a2200145Ia 4500
003 OSt
005 20240306103602.0
008 170523s9999 xx 000 0 und d
020 _a978-9389921601
040 _ciimtu meerut
100 _aSINGHANIA- VK
245 0 _aDIRECT TAXES READY RECKONER
260 _bNEW DELHI TAXMAN
942 _2ddc
_c02
999 _c984
_d984